000
00190 a2200097 4500
001
26195
100
_a
Hashmi B
245
_a
Pakistan
260
_a
_b
Progress we
_c
090
_c
17674
_d
17674
942
_a
NUST-CAE
_c
M
_c
8529
999
_c
261268
_d
261268